|
|
|
|
| LEADER |
00807nam a2200217 a 4500 |
| 001 |
13581099 |
| 008 |
091108s2003 ii 000 1 eng d |
| 010 |
|
|
|a 2003312211
|
| 020 |
|
|
|a 8188575143
|
| 040 |
|
|
|a DLC
|c DLC
|
| 082 |
0 |
0 |
|a 808.831
|2 22
|
| 100 |
1 |
|
|a Hassan, Nuzhat.
|
| 245 |
1 |
4 |
|a The marginals /
|c Nuzhat Hassan.
|
| 260 |
|
|
|a New Delhi :
|b Srishti Publishers & Distributors,
|c 2003.
|
| 300 |
|
|
|a 126 p. ;
|c 21 cm.
|
| 500 |
|
|
|a Short stories.
|
| 541 |
1 |
|
|e 00019517
|
| 650 |
|
0 |
|a Short stories
|
| 852 |
4 |
|
|a Ayesha Abed Library
|j General Shelf
|
| 999 |
|
|
|c 5298
|d 5298
|
| 952 |
|
|
|0 0
|1 0
|2 ddc
|4 0
|6 808_831000000000000_HAS_2003
|7 0
|9 5147
|a BRACUL
|b BRACUL
|c GEN
|d 2009-11-05
|e Radha Chakroborti
|l 1
|o 808.831 HAS
|p 3010019517
|r 2014-05-14
|s 2013-02-18
|t 1
|w 2009-11-09
|y BK
|x Transferred from ENH to Ayesha Abed library on 20/12/2023
|